000 00507nam a2200145 4500
999 _c15418
_d15418
008 200527b ||||| |||| 00| 0 eng d
022 _a2094-8042
082 _aDPer 370.105 M72 June 2010-Mar 2011 v. 59 n. 1-10
100 _aCustodio, Serge R., Jr.
_942222
245 _aLahing Pilipino/
_cSerge R. Custodio, Jr.
260 _aPhilippines:
_bIn the Grade School, Inc.,
_cc2010-2011.
300 _av59 n3, page 128:
_billustrations;
_c28 cm.
650 _aPoetry
_942161
_xFilipino language.
942 _2ddc
_cPER